Дары природы - углеводороды (История. Месторождения. Закономерности размещения. Происхождение. Добыча. Экология)

Podrobná bibliografie
Hlavní autor: Иванников В. И. Владимир Иванович
Další autoři: Кузнецов Ю. И. Юрий Иванович
Shrnutí:Описана разработанная авторами новая концепция миграции углеводородных флюидов в земной коре. Ключевым звеном данной концепции является газовый перенос рассеянной микронефти. До сих пор эта роль в нефтяной геологии отводилась водным потокам в пористых и проницаемых породах-коллекторах нефти и газа. Дегазация земных недр идет постоянно, поэтому источники глубинных газов можно считать неисчерпаемыми. Пополнение уже отработанных нефтяных месторождений газовой фазой придает им "второе дыхание". Такие случаи имеют место, например, на Старогрозненских месторождениях и на некоторых других. Газовый перенос нефти по пластам-проводникам осадочной толщи пород кардинально меняет общую картину флюидодинамики углеводородов (УВ) и выделяет газопитающие разломы земной коры как исходные координаты древа миграции УВ, что соответствует действительному их положению. Рассмотрены также другие закономерности размещения УВ и экологические аспекты их добычи. Несомненно, квинтэссенцией настоящей работы является теория конвергенции УВ, которая была изложена в многочисленных публикациях В. И. Иванникова и в совместных работах авторов. Основные положения этой теории авторы неоднократно докладывали как в России, так и за рубежом на международных конференциях. Международная геолого-геофизическая общественность с энтузиазмом восприняла новую теорию. Из всех УВ основное внимание в настоящей монографии уделено нефти, поскольку это наиболее "старый" и востребованный УВ, кроме того, вот уже более 150 лет ведутся споры о ее происхождении, закономерностях размещения и зарождении месторождений. Ответом на эти вопросы посвящена настоящая монография.
Jazyk:ruština
Vydáno: Тверь, Триада, 2016
Témata:
Médium: MixedMaterials Kniha
KOHA link:https://koha.lib.tpu.ru/cgi-bin/koha/opac-detail.pl?biblionumber=327910

MARC

LEADER 00000nam0a2200000 4500
001 327910
005 20231102004016.0
010 |a 9785947897494 
035 |a (RuTPU)RU\TPU\book\353597 
090 |a 327910 
100 |a 20170208d2016 k y0rusy50 ca 
101 0 |a rus 
102 |a RU 
105 |a a z 001zy 
200 1 |a Дары природы - углеводороды (История. Месторождения. Закономерности размещения. Происхождение. Добыча. Экология)  |f В. И. Иванников, Ю. И. Кузнецов 
210 |a Тверь  |c Триада  |d 2016 
215 |a 168 с.  |c ил. 
320 |a Библиогр.: с. 161-166 
330 |a Описана разработанная авторами новая концепция миграции углеводородных флюидов в земной коре. Ключевым звеном данной концепции является газовый перенос рассеянной микронефти. До сих пор эта роль в нефтяной геологии отводилась водным потокам в пористых и проницаемых породах-коллекторах нефти и газа. Дегазация земных недр идет постоянно, поэтому источники глубинных газов можно считать неисчерпаемыми. Пополнение уже отработанных нефтяных месторождений газовой фазой придает им "второе дыхание". Такие случаи имеют место, например, на Старогрозненских месторождениях и на некоторых других. Газовый перенос нефти по пластам-проводникам осадочной толщи пород кардинально меняет общую картину флюидодинамики углеводородов (УВ) и выделяет газопитающие разломы земной коры как исходные координаты древа миграции УВ, что соответствует действительному их положению. Рассмотрены также другие закономерности размещения УВ и экологические аспекты их добычи. Несомненно, квинтэссенцией настоящей работы является теория конвергенции УВ, которая была изложена в многочисленных публикациях В. И. Иванникова и в совместных работах авторов. Основные положения этой теории авторы неоднократно докладывали как в России, так и за рубежом на международных конференциях. Международная геолого-геофизическая общественность с энтузиазмом восприняла новую теорию. Из всех УВ основное внимание в настоящей монографии уделено нефти, поскольку это наиболее "старый" и востребованный УВ, кроме того, вот уже более 150 лет ведутся споры о ее происхождении, закономерностях размещения и зарождении месторождений. Ответом на эти вопросы посвящена настоящая монография. 
606 1 |a Углеводороды  |2 stltpush  |3 (RuTPU)RU\TPU\subj\62239  |9 79380 
610 1 |a месторождения углеводородов 
610 1 |a коммерческая добыча 
610 1 |a нефть 
610 1 |a происхождение 
610 1 |a конвергенция 
610 1 |a нефтяные залежи 
610 1 |a газовые залежи 
610 1 |a нефтеизвлечение 
610 1 |a коллекторы 
610 1 |a соляно-купольная тектоника 
610 1 |a сероводород 
610 1 |a экологические аспекты 
675 |a 552.578  |v 4 
700 1 |a Иванников  |b В. И.  |g Владимир Иванович 
701 1 |a Кузнецов  |b Ю. И.  |g Юрий Иванович 
801 1 |a RU  |b 63413507  |c 20170208 
801 2 |a RU  |b 63413507  |c 20200127  |g RCR 
942 |c BK 
959 |a 2/20170120  |d 1  |e 1000,00  |f ЧЗТЛ:1